| 000 | 00757cam a2200241 4500 | ||
|---|---|---|---|
| 001 | ABS62427 | ||
| 008 | 000000n2000 000 0 eng u | ||
| 035 | _a(Sirsi) u107073 | ||
| 110 |
_aDavis Langdon and Everest _91155 |
||
| 245 | _aCost model | ||
| 260 | _c2000 | ||
| 490 |
_aBuilding _v 30 June 2000, 60-65(6) |
||
| 520 | _aCost model which examines the techniques which can help a project team identify client requirements, provide value for money and quality of construction. | ||
| 590 | _aABS | ||
| 650 | _aCOST MODEL | ||
| 650 | _aVALUE FOR MONEY | ||
| 650 | _aPROJECT TEAM | ||
| 650 | _aLIFETIME COSTS | ||
| 650 | _aCLIENT REQUIREMENTS | ||
| 650 | _aCLIENT SATISFACTION | ||
| 690 | _aBUILDING AND CONSTRUCTION-PROJECTS | ||
| 942 | _n0 | ||
| 999 |
_c64025 _d64025 |
||